| 000 | 00593cam a22002171 4500 | ||
|---|---|---|---|
| 001 | sa 68018521 | ||
| 003 | DLC | ||
| 005 | 20260227112712.0 | ||
| 008 | 730329s1964 io a 000 0 ind | ||
| 010 | _asa 68018521 | ||
| 025 | _aPL480:Indo-2983 | ||
| 035 | _a(OCoLC)593051 | ||
| 040 |
_aDLC _cOAU _dWU _dDLC |
||
| 042 | _apremarc | ||
| 050 | 0 | 0 |
_aPL5089.M265 _bM4 1964 |
| 100 | 1 |
_aMadjoindo, A. Dt. _q(Aman Dt.), _d1895- |
|
| 245 | 1 | 0 |
_aMenebus dosa / _coleh A. Dt. Madjoindo. |
| 250 | _aTjet. 2. | ||
| 260 |
_aDjakarta : _bP.N. Balai Pustaka, _c1964. |
||
| 300 |
_a92 p. : _bill. ; _c20 cm. |
||
| 999 |
_c88475 _d88475 |
||